000 00979nam a22002657a 4500
001 44734
003 UA-OsUOA
005 20230918165556.0
007 ta
008 20070312b un ||||| |||| 00| 0 ukr d
020 _a9665742310
040 _aUA-OsUOA
_bukr
_cUA-OsUOA
_dUA-OsUOA
041 _aukr
080 _a658(075)
090 _a658(075)
_bГ81
100 _aГрещак М. Г.
245 _aВнутрішній економічний механізм підприємства
_bнавч.-метод. посбіник для самостійного вивчення дисциплін
260 _aК.
_bКНЕУ
_c2001
300 _a103 с.
650 7 _a658 Організація комерційних та приватних підприємств. Організація торгівлі
_2UDC
700 _aГребешкова О. М.
942 _cBK
_2udc
955 _a2
999 _c330790
_d330790